000 02323cam a22005774i 4500
003 PE-LiUPU
005 20260507112839.0
008 150623s r 000 0 d
020 _a0802802931
035 _a(Sirsi) i9780802802934
040 _aPE-LiUPU
_bspa
_cPE-LiUPU
_erda
049 _aPRUA
082 0 4 _a174.2
_bM55M
_221
245 1 0 _aOn moral medicine :
_btheological perspectives in medical ethics /
_cEditado por Stephen E. Lammers y Allen Verhey.
264 1 _aGrand Rapids, Michigan :
_bWilliam B. Eerdmans Publishing Company,
_c1987.
300 _a657 páginas ;
_c25 cm
336 _atext
_2rdacontent
337 _aunmediated
_2rdamedia
338 _avolume
_2rdacarrier
504 _aIncluye bibliografía.
505 0 _aPerspectives on religion and medicine: Religion and medicine. Theology and medical ethics. The profession and its integrity. Concepts in religion and medicine: Life and its sanctity. Health and healing. Death and its (in) dignity. Nature and its mastery. Care of patients and their suffering. Respect for persons and their agency. Issues in medical ethics: Contraception. Technological reproduction. Genetic control. Abortion. Choosing death and letting die. Care of neonates. The physician-patient relationship: advise and consent. Psychiatric care: professional commitments and societal responsibilities. Research and experimentation. Allocation and distribution. Religión y medicina.
526 _aSEG68
526 _aSEG70
526 _aSEG69
526 _aSEG67
526 _aSEG43
526 _aP144
526 _aP143
526 _aP131
526 _aP122
526 _aP120
526 _aP117
526 _aP112
526 _aP110
526 _aP106
526 _aP101
526 _aP80
526 _aP59
526 _aP54
526 _aP35
526 _aP33
526 _aP30
650 1 4 _aÉtica médica
_xAntología.
650 2 4 _aMedicina
_xAspectos religiosos.
700 _aLammers, Stephen E.,
_eeditor.
_98539
700 _aVerhey, Allen,
_eeditor.
_98540
942 _2ddc
_cBK
949 _a174.2 M55M
_wDEWEY
_c1
_i51141
_lCCODEBUL1
_mBUL
_p18.00
_r0
_sY
_tBOOK
_u2015-6-24
_xTEOLOGIA
_0COMPRA
_o.STAFF. Colección General
980 _818226
_gJaime Vilcazán Jefe de Análisis Documental
999 _c32840
_d32840